Statistics for Country and Capital Neighbour Connect with Jumps and Disappearing World Map: Most A letters

Click here to take the quiz!

General Stats

  • This quiz has been taken 964 times
    (959 since last reset)
  • The average score is 204 of 392

Answers on the Map

Answers color-coded by a green-red scale on the quiz's map according to % correct below.
 

Answer Stats

Country/Capital% Correct
Antigua and Barbuda
100%
Saint John's
92%
China
85%
Ulaanbaatar
85%
Afghanistan
84%
Ashgabat
84%
Astana
84%
Kazakhstan
84%
Kyrgyzstan
83%
Tajikistan
83%
Bandar Seri Begawan
82%
Bangladesh
82%
Dhaka
82%
Dili
82%
Dushanbe
82%
East Timor
82%
India
82%
Indonesia
82%
Islamabad
82%
Jakarta
82%
Kabul
82%
Kuala Lumpur
82%
Malaysia
82%
Myanmar
82%
Naypyidaw
82%
Pakistan
82%
Papua New Guinea
82%
Thailand
82%
Addis Ababa
78%
Asmara
78%
Eritrea
78%
Ethiopia
78%
Central African Republic
77%
Kampala
77%
Kenya
77%
Kinshasa
77%
Somalia
77%
Tanzania
77%
Andorra
76%
Andorra la Vella
76%
Angola
76%
Botswana
76%
Brazzaville
76%
Harare
76%
Luanda
76%
Lusaka
76%
Argentina
75%
Asunción
75%
Bolivia
75%
Brasília
75%
Brazil
75%
Buenos Aires
75%
Caracas
75%
France
75%
Gaborone
75%
Guyana
75%
La Paz
75%
Lesotho
75%
Malawi
75%
Maputo
75%
Maseru
75%
Mbabane
75%
Montevideo
75%
Namibia
75%
Paraguay
75%
Paramaribo
75%
Pretoria
75%
Santiago
75%
South Africa
75%
Swaziland
75%
Uruguay
75%
Zambia
75%
Antananarivo
74%
Madagascar
74%
Abu Dhabi
67%
Amman
67%
Ankara
67%
Armenia
67%
Austria
67%
Azerbaijan
67%
Baghdad
67%
Baku
67%
Bratislava
67%
Georgia
67%
Latvia
67%
Lithuania
67%
Muscat
67%
Oman
67%
Riyadh
67%
Russia
67%
Sana'a
67%
Saudi Arabia
67%
United Arab Emirates
67%
Warsaw
67%
Albania
66%
Athens
66%
Belgrade
66%
Bosnia and Herzegovina
66%
Bucharest
66%
Budapest
66%
Bulgaria
66%
Croatia
66%
Hungary
66%
Kosovo
66%
Ljubljana
66%
Macedonia
66%
Montenegro
66%
Podgorica
66%
Pristina
66%
Romania
66%
Sarajevo
66%
Serbia
66%
Slovakia
66%
Sofia
66%
Tirana
66%
Italy
65%
Rome
65%
San Marino
65%
San Marino (cap)
65%
Slovenia
65%
Vatican City
65%
Vatican City (cap)
65%
Zagreb
65%
Australia
64%
Canberra
64%
Bahamas
63%
Bogotá
63%
Canada
63%
Costa Rica
63%
El Salvador
63%
Guatemala
63%
Guatemala City
63%
Managua
63%
Mexico
63%
Nassau
63%
Nicaragua
63%
Ottawa
63%
Panama
63%
Panama City
63%
San Salvador
63%
Tegucigalpa
63%
United States
63%
Washington D.C.
63%
Chile
62%
Colombia
62%
Ecuador
62%
Lima
62%
Peru
62%
Quito
62%
Sri Jayawardenepura Kotte
61%
Sri Lanka
61%
Abuja
58%
Bangui
58%
Chad
58%
Damascus
58%
Equatorial Guinea
58%
N'Djamena
58%
Beijing
57%
Bhutan
57%
Bishkek
57%
Cairo
57%
Cameroon
57%
Cuba
57%
Havana
57%
Iran
57%
Iraq
57%
Israel
57%
Kathmandu
57%
Khartoum
57%
Malabo
57%
Nepal
57%
New Delhi
57%
Tashkent
57%
Tehran
57%
Thimphu
57%
Turkmenistan
57%
Uzbekistan
57%
Accra
56%
Algeria
56%
Bamako
56%
Burkina Faso
56%
Ghana
56%
Mali
56%
Mauritania
56%
Ouagadougou
56%
Banjul
55%
Bissau
55%
Conakry
55%
Dakar
55%
Federated States of Micronesia
55%
Freetown
55%
Gambia
55%
Guinea
55%
Guinea-Bissau
55%
Liberia
55%
Monrovia
55%
Palikir
55%
Senegal
55%
Sierra Leone
55%
Majuro
54%
Marshall Islands
54%
Jamaica
53%
Kingston
53%
Bahrain
52%
Manama
52%
Kingstown
51%
Saint Vincent and the Grenadines
51%
Kiribati
50%
Port-of-Spain
50%
South Tarawa
50%
Trinidad and Tobago
50%
Amsterdam
49%
Copenhagen
49%
Germany
49%
Algiers
48%
Berlin
48%
Bujumbura
48%
Burundi
48%
Denmark
48%
Dodoma
48%
Gabon
48%
Kigali
48%
Libya
48%
Madrid
48%
Netherlands
48%
Niamey
48%
Nigeria
48%
Paris
48%
Rabat
48%
Rwanda
48%
Uganda
48%
Yaoundé
48%
Democratic Republic of the Congo
47%
Libreville
47%
Republic of the Congo
47%
Apia
46%
Samoa
46%
Bangkok
45%
Cambodia
45%
Manila
45%
Philippines
45%
Barbados
44%
Bridgetown
44%
Cape Verde
44%
Castries
44%
Hanoi
44%
Honiara
44%
Japan
44%
Laos
44%
Malta
44%
Ngerulmud
44%
Palau
44%
Phnom Penh
44%
Praia
44%
Saint Lucia
44%
Solomon Islands
44%
Tokyo
44%
Valletta
44%
Vientiane
44%
Vietnam
44%
Doha
43%
New Zealand
43%
Nukuʻalofa
43%
Port Vila
43%
Qatar
43%
São Tomé
43%
São Tomé and Príncipe
43%
Taipei
43%
Taiwan
43%
Tonga
43%
Vanuatu
43%
Wellington
43%
Basseterre
41%
Grenada
41%
Saint George's
41%
Saint Kitts and Nevis
41%
Belize
37%
Belmopan
37%
Dominica
37%
Dominican Republic
37%
Haiti
37%
Mexico City
37%
Port-au-Prince
37%
Roseau
37%
Santo Domingo
37%
Belarus
36%
Bern
36%
Dublin
36%
Iceland
36%
Ireland
36%
Lisbon
36%
London
36%
Poland
36%
Portugal
36%
Prague
36%
Reykjavík
36%
Spain
36%
Switzerland
36%
Vaduz
36%
Vienna
36%
Liechtenstein
35%
Finland
34%
Helsinki
34%
Kuwait
34%
Kuwait City
34%
Norway
34%
Cyprus
33%
Estonia
33%
Mauritius
33%
Moscow
33%
Nicosia
33%
Oslo
33%
Port Louis
33%
Stockholm
33%
Sweden
33%
Tallinn
33%
Chișinău
32%
Funafuti
32%
Kiev
32%
Minsk
32%
Moldova
32%
Nauru
32%
North Korea
32%
Pyongyang
32%
Riga
32%
Seoul
32%
South Korea
32%
Tuvalu
32%
Ukraine
32%
Yaren
32%
Honduras
31%
Maldives
31%
Malé
31%
Monaco
31%
Monaco (cap)
31%
Beirut
29%
Fiji
29%
Jerusalem
29%
Jordan
29%
Juba
29%
Lebanon
29%
Mogadishu
29%
Nairobi
29%
Suva
29%
Syria
29%
Djibouti
28%
Djibouti (cap)
28%
Georgetown
27%
Singapore
27%
Singapore (cap)
27%
Suriname
27%
Venezuela
27%
Seychelles
26%
Victoria
26%
Mongolia
25%
Mozambique
25%
Zimbabwe
24%
Brunei
23%
Comoros
23%
Moroni
23%
San José
23%
Cote d'Ivoire
22%
Port Moresby
22%
United Kingdom
22%
Yamoussoukro
22%
Yemen
22%
Belgium
21%
Brussels
21%
Morocco
21%
Nouakchott
21%
Egypt
20%
Luxembourg
20%
Luxembourg (cap)
20%
South Sudan
20%
Sudan
20%
Tripoli
20%
Tunis
20%
Tunisia
20%
Yerevan
20%
Czech Republic
19%
Greece
19%
Tbilisi
19%
Turkey
19%
Skopje
18%
Vilnius
18%
Windhoek
18%
Lilongwe
17%
Benin
16%
Lomé
15%
Niger
15%
Porto-Novo
15%
Togo
15%

Score Distribution

Percentile by Number Answered

Percent of People with Each Score

Your Score History

You have not taken this quiz since the last reset